Mortal Kombat General Knowledge - Statistics

General Stats
  • This quiz has been taken 159 times
  • The average score is 20 of 50
Answer Stats
Klue Answer % Correct
Across all games, who are the two characters to be Sub-Zero? Bi-Han
91%
Who is Sonya Blade’s arch-nemesis? Kano
88%
Kuai Liang
79%
Kuai Liang
79%
Across all games, who are the two characters to be Scorpion? Hanzo Hasashi
78%
Which organisation does the above belong to? The Black Dragon
76%
Smoke
63%
Which character possesses the iconic Arcade Machine fatality in MK3? Liu Kang
59%
Which character’s actor from the 1995 movie reprised his role in MK11? Shang Tsung
59%
Whose Tower Ending resulted in the destruction of Earth in the original MK game? Raiden
53%
Who has provided the voice for Scorpion’s “Get Over Here” line in every game? Ed Boon
52%
Who was the Kahn of Outworld before Shao? (First two timelines) Onaga
52%
Which real life martial artist inspired the creation of Liu Kang? Bruce Lee
50%
Which two characters were fused in Mortal Kombat: Deception? Noob Saibot
50%
Which actress provided her voice and likeness to Nitara in MK1? Megan Fox
49%
Which organisation is the rival to the above? The Red Dragon
48%
Who is the only member of the Kombat Kids to only have one game appearance? Kung Jin
47%
Who is the unseen (until MK11) ancestor of Kung Lao in every timeline? The Great Kung Lao
46%
Which character is Shinnok’s opposite - and sister? Cetrion
45%
Which being is destined to cause Armageddon in all timelines? Blaze
44%
Which much derided character caused the deaths of Scorpion and Mileena in the second timeline? D’Vorah
44%
Who is the only Guest fighter to be locked to a specific platform? Kratos
41%
Which finisher was introduced in MK2 as a response to the above? Friendship
39%
Which character has gone from being quadrupedal to bipedal and back again? Motaro
39%
Which is the only mainline MK game to not feature Scorpion as a playable character? Mortal Kombat 3 (Base Game)
38%
Sektor
38%
Who is (as of MK1) the last Male palette swap ninja? Floyd
33%
Which real life actor inspired the creation of Johnny Cage? Jean Claude Van-Damme
32%
Which Secret Character can be played as in MKX by performing an input on the character select screen? Cyber Sub-Zero
30%
Across all three timelines, which character has the most canonical deaths? Sindel
30%
Who is (as of MK1) the last Female palette swap ninja? Skarlet
30%
What is the real name of Johnny Cage? John Carlton
29%
Who are the real identities of the other two Ghostfaces in MK1? Kobra
27%
Which error caused Scorpion and Sub-Zero to appear red in the original game? Error Macro
25%
Which body that governs the age ratings of video games was founded as a direct result of the first MK game? ESRB
25%
Kira
25%
Who are the two partners Bi-Han has had over all timelines? Sareena
24%
Which race does Khameleon belong to? Zaterran
24%
Which Guest fighter was scrapped seemingly last minute in MK11? Ash Williams
22%
Which separate character in previous timelines was revealed to be Havik’s real identity in the current timeline? Dairou
22%
In the “The Pit II” stage in MK2, what was the green recolour of Liu Kang dubbed by the community? Hornbuckle
21%
What people does Kotal belong to? Osh-Tekk
21%
Which entity is the creator of the Realms? The One Being
20%
Whose image appears alongside the line “TOASTY” throughout the series? Dan Forden
19%
What is the name of the child counterpart to Raiden that has appeared in all of his friendships? Kidd Thunder
19%
Which biblical entity was adapted into a character in MK: Deadly Alliance? Moloch
19%
Which nation does Smoke hail from? Czechia
14%
To unlock Reptile in the original game, where must one look? La Luna
13%
What species does Kintaro belong to? Tigrar
9%
Which game would the player be rewarded with after winning 100 consecutive tower battles in MK2? Pong
7%
No matching quizzes found
Score Distribution
Percent of People with Each Score
Percentile by Number Answered
Your Score History
You have not taken this quiz